Jahangirnama: Memoirs of Jahangir, Emperor of India (Record no. 12399)
[ view plain ]
| 000 -LEADER | |
|---|---|
| fixed length control field | 00476nam a2200169 a 4500 |
| 020 ## - INTERNATIONAL STANDARD BOOK NUMBER | |
| ISBN | 9780195127188 |
| 082 00 - DEWEY DECIMAL CLASSIFICATION NUMBER | |
| Classification number | 954.0256 |
| Author Cutter | THA |
| 100 ## - MAIN ENTRY--AUTHOR NAME | |
| Author name | Thackston, Wheeler M |
| 245 ## - TITLE STATEMENT | |
| Title | Jahangirnama: Memoirs of Jahangir, Emperor of India |
| 260 ## - PUBLICATION, DISTRIBUTION, ETC. (IMPRINT) | |
| Place of publication | Londan |
| Name of publisher | Oxford University Press |
| Year of publication | 1999 |
| 300 ## - PHYSICAL DESCRIPTION | |
| Number of Pages | 502p |
| 500 ## - GENERAL NOTE | |
| General note | includes index and biblioraphy |
| 505 2# - FORMATTED CONTENTS NOTE | |
| Formatted contents note | Notes, Glossary |
| 650 ## - SUBJECT ADDED ENTRY--TOPICAL TERM | |
| Topical Term | Mughal India-Jahangir |
| 942 ## - ADDED ENTRY ELEMENTS (KOHA) | |
| Koha item type | Books |
| 700 1# - | |
| -- | Thackston, Wheeler M |
| Home library | Current library | Shelving location | Date acquired | Cost, normal purchase price | Full call number | Accession Number | Koha item type |
|---|---|---|---|---|---|---|---|
| Henry Martyn Institute Library | Henry Martyn Institute Library | Reference | 11/16/2018 | 1495.00 | 954.0256 THA | 019395 | Books |
